Les pyrenees
Αποθηκεύτηκε σε:
| Κύριος συγγραφέας: | |
|---|---|
| Μορφή: | Βιβλίο |
| Γλώσσα: | French |
| Δημοσίευση: |
Paris :
La Decouverte,
1984
|
| Θέματα: | |
| Ετικέτες: |
Προσθήκη ετικέτας
Δεν υπάρχουν, Καταχωρήστε ετικέτα πρώτοι!
|
MARC
| LEADER | 00000nam a2200000 i 4500 | ||
|---|---|---|---|
| 001 | 1/105836 | ||
| 008 | 950626s1984 fre d | ||
| 020 | |a 2-7071-1458-8 | ||
| 035 | |l 10013825 | ||
| 040 | |a GR-MY-UA |b gre |e aacr | ||
| 041 | 0 | |a fre | |
| 082 | 0 | |a 914.04 | |
| 100 | 1 | |a Hugo, Victor, |d 1802-1885. | |
| 245 | 1 | 4 | |a Les pyrenees / |c Victor Hugo ; Presente par Daniele Lamarque |
| 260 | |a Paris : |b La Decouverte, |c 1984 | ||
| 300 | |a 207 p. | ||
| 651 | 0 | |a Pays Basque (France) |x Description and travel. | |
| 651 | 0 | |a Pyrenees |x Description and travel. | |
| 852 | |a INST |b LESVOS |e 19950626 |h 914.04 HUG |p 005100008417 |q 005100008417 |t BK |y 0 | ||
| 909 | |a Λ |b 020886 | ||
| 922 | |a 1ΕΛΗ |b 199108 |c ΠΠ/160 | ||